| 000 | 00749nam a2200217 i 4500 | ||
|---|---|---|---|
| 001 | 172035 | ||
| 003 | ES-MaACL | ||
| 005 | 20250821111723.0 | ||
| 008 | 090612s1988 sp |||| | spa d | ||
| 017 | _aM 43228-1987 | ||
| 020 | _a84-220-1310-X | ||
| 100 | 1 |
_aHuerga, Álvaro ( _d1923-2018) _9140640 |
|
| 245 | 1 | 0 |
_aFray Luis de Granada _b: una vida al servicio de la Iglesia / _cpor Álvaro Huerga. |
| 260 |
_aMadrid : _bLa Editorial Católica, _c1988. |
||
| 300 |
_aXXXVI, 314 p., 1 h. ; _c20 cm. |
||
| 490 | 1 |
_aBiblioteca de autores cristianos ; _v496 |
|
| 600 | 0 | 4 |
_aLuis de Granada, _c(O.P.), _d1504-1588 _974687 |
| 830 | 0 | 0 |
_aBiblioteca de autores cristianos _v496 _9178679 |
| 852 |
_aES-MaACL _jJ-483 _9R.46092 |
||
| 999 |
_c172035 _d172035 |
||